Library Banner

Islamic studies (Vol 51 , No.3) (Record no. 95735)

MARC details
000 -LEADER
fixed length control field 00337nam a22001337a 4500
005 - DATE AND TIME OF LATEST TRANSACTION
control field 20180308115057.0
008 - FIXED-LENGTH DATA ELEMENTS--GENERAL INFORMATION
fixed length control field 170726b xxu||||| |||| 00| 0 eng d
040 ## - CATALOGING SOURCE
Transcribing agency PK-LaUMT
082 ## - DEWEY DECIMAL CLASSIFICATION NUMBER
Classification number ZIAC 297.05
Item number ISL-
245 ## - TITLE STATEMENT
Title Islamic studies (Vol 51 , No.3)
260 ## - PUBLICATION, DISTRIBUTION, ETC. (IMPRINT)
Place of publication, distribution, etc Islamabad:
Name of publisher, distributor, etc Islamic studies,
Date of publication, distribution, etc 2012
300 ## - PHYSICAL DESCRIPTION
Extent 353 p.
942 ## - ADDED ENTRY ELEMENTS (KOHA)
Koha item type Books
Holdings
Withdrawn status Lost status Damaged status Home library Current library Date acquired Full call number Barcode Date last seen Price effective from Koha item type Copy number
      UMT Main Campus UMT Main Campus 2017-07-26 ZIAC 297.05 ISL- 111289 2017-07-26 2017-07-26 Books  
      UMT Main Campus UMT Main Campus 2017-07-26 ZIAC 297.05 ISL- 111290 2017-07-26 2017-07-26 Books p-2